| 000 | 00478nam a22001695i 4500 | ||
|---|---|---|---|
| 001 | 54759 | ||
| 003 | ES-MaACL | ||
| 005 | 20230906163022.0 | ||
| 007 | t| | ||
| 008 | 960729s1878 fr ||||1| fre d | ||
| 040 |
_aCAM _bspa _cCAM |
||
| 100 | 1 |
_aGaboriau, Emile. _953145 |
|
| 245 | 1 | 3 |
_aLe capitaine Coutanceau / _cpar Emile Gaboriau. |
| 260 |
_aParis : _bE. Dentu, _c1878 ( _eSaint-Omer : _fimp. H. D'Homont) |
||
| 300 |
_a[4], 301 p. ; _c17 cm. |
||
| 852 |
_aES-MaACL _jD-2949 |
||
| 999 |
_c54759 _d54759 |
||